Famous people from Belfast, Northern Ireland, UK. By Picture - Statistics

General Stats
  • This quiz has been taken 65 times
    52 since last reset
  • The average score is 5 of 10
Answer Stats
Picture Answer % Correct
George Best
89%
Liam Neeson
89%
Eamonn Holmes
72%
Van Morrison
62%
James Nesbitt
60%
Kenneth Branagh
45%
C. S. Lewis
36%
Alex Higgins
32%
Ciarán Hinds
21%
Paula Malcomson
6%
No matching quizzes found
Score Distribution
Percent of People with Each Score
Percentile by Number Answered
Your Score History
You have not taken this quiz since the last reset